| 000 | 00385nam a22001457a 4500 | ||
|---|---|---|---|
| 008 | 240807b |||||||| |||| 00| 0 eng d | ||
| 020 | _a9780813338040 | ||
| 082 | _a306.2 | ||
| 100 | _aKurtz, Donald V. | ||
| 245 |
_aPolitical Anthropology: _bParadigms and Power |
||
| 260 |
_aNew York: _bRoutledge, _c2001. |
||
| 300 |
_aix, 251 p.; _c22.5 Cm. |
||
| 942 | _2ddc | ||
| 999 |
_c9959 _d9960 |
||